Konkurenceschopnost a produktivita vývozu členských zemí Evropské unie
Analýza konkurencieschopnosti a produktivity vývozu členských štátov EÚ v rokoch 2000−2015 za použitia faktorovej analýzy a metódy analýzy obalu dat.
Gespeichert in:
| 1. Verfasser: | |
|---|---|
| Weitere Verfasser: | |
| Format: | Buchkapitel |
| Sprache: | Tschechisch |
| Schlagworte: | |
| Tags: |
Keine Tags, Fügen Sie das erste Tag hinzu!
|
MARC
| LEADER | 00000nla a2200000 4500 | ||
|---|---|---|---|
| 001 | 0238781 | ||
| 005 | 20240417075130.5 | ||
| 041 | 0 | |a cze | |
| 044 | |a CZ | ||
| 245 | 1 | 0 | |a Konkurenceschopnost a produktivita vývozu členských zemí Evropské unie |c Lenka Fojtíková, Michaela Staníčková |
| 520 | |a Analýza konkurencieschopnosti a produktivity vývozu členských štátov EÚ v rokoch 2000−2015 za použitia faktorovej analýzy a metódy analýzy obalu dat. | ||
| 610 | 2 | 0 | |a analýza faktorová |
| 610 | 2 | 0 | |a Európska únia |
| 610 | 2 | 0 | |a obchod medzinárodný |
| 610 | 2 | 0 | |a konkurencieschopnosť |
| 610 | 2 | 0 | |a vývoz |
| 610 | 2 | 0 | |a produktivita |
| 100 | 1 | |a Fojtíková, Lenka | |
| 700 | 1 | |a Staníčková, Michaela | |